| 000 | 00994cac a2200313 i 4500 | ||
|---|---|---|---|
| 003 | EG-GICUC | ||
| 005 | 20260121101712.0 | ||
| 008 | 981023s1997 enk frb 001 0 eng d | ||
| 020 | _a0421535709 | ||
| 020 | _a9780421535701 | ||
| 040 |
_aMoSU-L _cMoSU-L _beng _dEG-GiCUC _erda |
||
| 050 | 1 | 4 |
_aKZ3295.W35 _bI58 1997 |
| 082 | 0 | 4 |
_221 _a341 |
| 092 | 0 | 4 | _221 |
| 099 | _aLaw 11 1997 | ||
| 100 | 1 | _aWallace, Rebecca M. M. | |
| 245 | 1 | 0 |
_aInternational law : _ba student introduction / _cby Rebecca M.M. Wallace. |
| 250 | _a3rd edition. | ||
| 264 |
_aLondon : _bSweet & Maxwell, _c1997. |
||
| 300 |
_axxix, 329 page ; _c22 cm. _billustrations, |
||
| 336 |
_atext _btxt _2rdacontent |
||
| 337 |
_aComputer _bn _2rdamedia |
||
| 338 |
_aOnline Resource _bnc _2rdacarrier |
||
| 504 | _aIncludes bibliographical references (p. 309-311) and index. | ||
| 650 | 0 | _aInternational law. | |
| 856 | 4 | 0 | _uhttps://fll.law.cu.edu.eg/fulltext/bks/ENGB11-00009.pdf |
| 905 | _a10 | ||
| 942 |
_2ddc _cBK _e21 _n0 |
||
| 999 |
_c56073 _d56073 |
||